| 000 | 00507nam a2200205 a 4500 | ||
|---|---|---|---|
| 999 |
_c1857 _d1857 |
||
| 001 | 1857 | ||
| 003 | BD-JhCC | ||
| 005 | 20171025162610.0 | ||
| 008 | 171025s2011 bg |||| |||| 000 0 eng d | ||
| 035 | _a(BD-JhCC)1857 | ||
| 040 |
_aBD-JhCC _dBD-JhCC |
||
| 041 | _aeng | ||
| 082 |
_a658 _bJEW 1990 |
||
| 100 | _aJewell, Bruce R. | ||
| 245 |
_aBusiness Studies / _cBruce R. Jewell |
||
| 260 |
_aEdinburgh : _bLongman ; _c1990 |
||
| 300 |
_a588 p. ; _c24 cm |
||
| 650 | _aBusiness Education | ||
| 942 |
_2ddc _cBK |
||